000 00487nam a2200193Ia 4500
005 20140405103443.0
008 140130s9999 xx 000 0 und d
020 _a059046132x
050 _aQH 541.5.S3
_b.B28 1992
100 _aBaker, Kucy
_931264
245 _cKucy Baker.
_aLife in the oceans /
260 _bScholastic,
_c1992.
_aUSA :
300 _a30 p. :
_bcol. ill. ;
_c24 cm.
440 _v1
_931174
521 _aG8
526 _c940
942 _cBK
_2lcc
999 _c41296
_d41296